Construction blueprint reading / (Record no. 9544)

MARC details
000 -LEADER
fixed length control field 00588nac a22001931u 4500
010 ## - LIBRARY OF CONGRESS CONTROL NUMBER
LC control number 84013438
020 ## - INTERNATIONAL STANDARD BOOK NUMBER
International Standard Book Number 0835909506 (pbk.) :
082 00 - DEWEY DECIMAL CLASSIFICATION NUMBER
Classification number 692.1
Item number PUT
090 ## - LOCALLY ASSIGNED LC-TYPE CALL NUMBER (OCLC); LOCAL CALL NUMBER (OCLC)
-- 9544
-- 9544
100 ## - MAIN ENTRY--PERSONAL NAME
Personal name Putnam, Robert E.
245 10 - TITLE STATEMENT
Title Construction blueprint reading /
Statement of responsibility, etc Robert Putnam.
260 ## - PUBLICATION, DISTRIBUTION, ETC. (IMPRINT)
Place of publication, distribution, etc Reston, Va. :
Name of publisher, distributor, etc Reston Pub. Co.,1985
Date of publication, distribution, etc c1985.
300 ## - PHYSICAL DESCRIPTION
Extent 442 p. :
Other physical details ill. ;
Dimensions 28 cm.
500 ## - GENERAL NOTE
General note Includes index.
511 ## - PARTICIPANT OR PERFORMER NOTE
Participant or performer note catalogued by: wessam
650 #0 - SUBJECT ADDED ENTRY--TOPICAL TERM
Topical term or geographic name as entry element Building
General subdivision Details
-- Drawings.
650 #0 - SUBJECT ADDED ENTRY--TOPICAL TERM
Topical term or geographic name as entry element Blueprints.
942 ## - ADDED ENTRY ELEMENTS (KOHA)
Item type Book - Borrowing
Call number prefix 692.1PUT
Holdings
Withdrawn status Item status Damaged status Not for loan Home library Current library Shelving location Date acquired Source of acquisition Total Checkouts Full call number Barcode Date last seen Koha item type
        Central Library Central Library First floor 21/05/2008 Purchase   692.1PUT 000011591 15/07/2025 Book - Borrowing